Los hombres de la historia. tomo iv-1/
Guardado en:
| Formato: | Libro |
|---|---|
| Publicado: |
Buenos Aires :
C.e.a.l.,
1970
|
| Materias: | |
| Etiquetas: |
Agregar Etiqueta
Sin Etiquetas, Sea el primero en etiquetar este registro!
|
| LEADER | 00460nam a22001575a 4500 | ||
|---|---|---|---|
| 001 | EHU.bham012313 | ||
| 003 | AR-BHAM | ||
| 005 | 20071128182325.0 | ||
| 008 | 130507s1970##################000#0#####d | ||
| 082 | 9 | 2 | |a 920 |
| 245 | 0 | 0 | |a Los hombres de la historia. tomo iv-1/ |
| 260 | |a Buenos Aires : |b C.e.a.l., |c 1970 | ||
| 300 | |a 201 p. | ||
| 505 | 0 | |a Cristianismo y Medioevo, I | |
| 653 | |a Biografias | ||
| 859 | |a AR-BHAM |b BIB. HUMANIDADES - General |h 920 |i H751 |p 638.74 |t Ej.1 |v IV-1 |3 IV-1 | ||
